| 000 | 00540nmm a2200169Ia 4500 | ||
|---|---|---|---|
| 008 | 251105s9999||||xx |||||||||||||||||und|| | ||
| 020 | _a9788416421763 | ||
| 041 | _aspa | ||
| 100 | _aGrassi, Ernesto | ||
| 245 | 0 | _aDefensa de la vida individual. Los studia humanitatis como tradición filosófica | |
| 264 |
_a[Madrid, España] : _bAnthropos, _c2018 |
||
| 300 | _a176 páginas | ||
| 490 | _aAutores, textos y temas. Humanismo | ||
| 650 | _aPhilosophy, Ethics | ||
| 856 | _uhttps://public.digitaliapublishing.com/a/60378 | ||
| 942 | _cCF | ||
| 999 |
_c77763 _d77763 |
||